[Event "Foment Martinenc op-C 21st"]
[Site "Barcelona"]
[Date "2019.05.25"]
[Round "5"]
[White "Rodriguez Collado, Alex"]
[Black "Torres Teruel, Joan"]
[Result "0-1"]
[WhiteElo "1723"]
[BlackElo "1790"]
[PlyCount "96"]
[EventDate "2019.04.27"]
[EventType "swiss"]
[EventRounds "9"]
[EventCountry "ESP"]
[SourceTitle "EXT 2020"]
[Source "ChessBase"]
[SourceDate "2019.10.17"]
[SourceVersion "1"]
[SourceVersionDate "2019.10.17"]
[SourceQuality "1"]

1. e4 e6 2. d4 d5 3. Nd2 Nf6 4. Bd3 dxe4 5. Nxe4 Nxe4 6. Bxe4 c5 7. Ne2 cxd4 8. Bf4 Qb6 9. 0-0 Nc6 10. c3 dxc3 11. bxc3 Be7 12. Qd3 Bd7 13. Rab1 Qa6 14. Qxa6 bxa6 15. Rfd1 g5 16. Nd4 Nxd4 17. Bxa8 Ne2+ 18. Kf1 Nxf4 19. Rb8+ Bd8 20. Bc6 Nd5 21. Bxd7+ Kxd7 22. c4 Kc7 23. Rb3 Nb6 24. c5 Nd5 25. Rc1 Kc6 26. g3 Be7 27. Ra3 Rc8 28. Ra5 Nc7 29. Ke2 Nb5 30. Ra4 Bxc5 31. Rac4 Kd5 32. Kd3 Nd6 33. Ra4 Bxf2 34. Ra5+ Rc5 35. Rcxc5+ Bxc5 36. Rxa6 e5 37. Ra4 e4+ 38. Ke2 e3 39. Rg4 f6 40. h3 Nb5 41. Kd3 e2 42. Kxe2 Nc3+ 43. Kd3 h5 44. Rc4 Nxa2 45. g4 h4 46. Ra4 Nc1+ 47. Kd2 Nb3+ 48. Kc3 Nd4 0-1

[Event "Foment Martinenc op-C 21st"]
[Site "Barcelona"]
[Date "2019.04.27"]
[Round "1"]
[White "Del Rio Soler, Andreu"]
[Black "Rodriguez Collado, Alex"]
[Result "0-1"]
[WhiteElo "1588"]
[BlackElo "1723"]
[PlyCount "58"]
[EventDate "2019.04.27"]
[EventType "swiss"]
[EventRounds "9"]
[EventCountry "ESP"]
[SourceTitle "EXT 2020"]
[Source "ChessBase"]
[SourceDate "2019.10.17"]
[SourceVersion "1"]
[SourceVersionDate "2019.10.17"]
[SourceQuality "1"]

1. e4 c5 2. Nf3 a6 3. a3 b5 4. d3 d6 5. Be2 e5 6. Nc3 Nf6 7. 0-0 Be7 8. Bg5 0-0 9. Bxf6 Bxf6 10. Nd5 Bb7 11. Nxf6+ Qxf6 12. h3 Nc6 13. Nh2 Rad8 14. c3 Rfe8 15. Ng4 Qe6 16. Ne3 Ne7 17. Bf3 d5 18. exd5 Bxd5 19. Bg4 f5 20. Be2 e4 21. Qc2 Bb3 22. Qb1 f4 23. Bg4 Qg6 24. Nd1 h5 25. Be2 f3 26. Bxf3 exf3 27. Ne3 Nf5 28. g3 Nxe3 29. fxe3 Qxg3+ 0-1

[Event "Salou op U2300 3rd"]
[Site "Salou"]
[Date "2018.04.28"]
[Round "2"]
[White "Sanchez Bernardino, Miguel Angel"]
[Black "Rodriguez Collado, Alex"]
[Result "1-0"]
[WhiteElo "1981"]
[BlackElo "1062"]
[PlyCount "114"]
[EventDate "2018.04.28"]
[EventType "swiss"]
[EventRounds "7"]
[EventCountry "ESP"]
[SourceTitle "CBM 184 Extra"]
[Source "ChessBase"]
[SourceDate "2018.06.28"]
[SourceVersion "1"]
[SourceVersionDate "2018.06.28"]
[SourceQuality "1"]

1. e4 e5 2. Nf3 Nc6 3. Bb5 a6 4. Ba4 Nf6 5. 0-0 d6 6. Re1 Bg4 7. c3 Be7 8. d3 0-0 9. Nbd2 b5 10. Bc2 Re8 11. Nf1 Bf8 12. Bg5 h6 13. Be3 Ne7 14. Ng3 Nh5 15. h3 Bxf3 16. Qxf3 Nxg3 17. Qxg3 Ng6 18. Bb3 Qf6 19. a4 Rab8 20. axb5 Rxb5 21. Ba4 Reb8 22. Bxb5 Rxb5 23. b4 Nf4 24. Ba7 d5 25. d4 Bd6 26. Rxa6 g5 27. dxe5 Qxe5 28. Bd4 Qe7 29. Ra8+ Kh7 30. Qg4 Ng6 31. Qf5 Be5 32. exd5 Rxd5 33. Rxe5 Rxe5 34. Bxe5 Qxe5 35. Qxf7+ Qg7 36. Qxg7+ Kxg7 37. Ra7 Ne7 38. Rxc7 Kf6 39. Rxe7 Kxe7 40. c4 Kd7 41. g4 Kc7 42. f4 Kb6 43. f5 h5 44. c5+ Kc6 45. gxh5 g4 46. h6 g3 47. h7 g2 48. h8Q Kb5 49. Qb8+ Kc4 50. c6 Kd3 51. Qb5+ Ke3 52. Qd5 Kf4 53. Kxg2 Kg5 54. Kg3 Kh5 55. h4 Kh6 56. Kg4 Kg7 57. Kg5 Kh8 1-0

[Event "Foment Martinenc op-C 19st"]
[Site "Barcelona"]
[Date "2017.06.10"]
[Round "8.17"]
[White "Romeu Viladot, Emili"]
[Black "Rodriguez Collado, Alex"]
[Result "1-0"]
[WhiteElo "1691"]
[BlackElo "1732"]
[PlyCount "69"]
[EventDate "2017.04.22"]
[EventType "swiss"]
[EventRounds "9"]
[EventCountry "ESP"]
[SourceTitle "EXT 2024"]
[Source "ChessBase"]
[SourceDate "2023.10.10"]
[SourceVersion "1"]
[SourceVersionDate "2023.10.10"]
[SourceQuality "1"]

1. d4 d5 2. Nf3 Nf6 3. e3 Bf5 4. c4 e6 5. b3 c6 6. Be2 Be7 7. Nbd2 Nbd7 8. Bb2 0-0 9. 0-0 Qc7 10. Ne5 Bd6 11. f4 Bxe5 12. fxe5 Ne4 13. Nxe4 Bxe4 14. Bd3 Bxd3 15. Qxd3 Rad8 16. cxd5 exd5 17. Rac1 Qa5 18. Rf2 c5 19. Bc3 Qb6 20. Rb2 Qh6 21. Re1 f6 22. e6 cxd4 23. exd4 Rfe8 24. exd7 Rxe1+ 25. Bxe1 Qc1 26. Qd2 Qxd2 27. Bxd2 Rxd7 28. Bf4 g5 29. Bg3 Kf7 30. Rc2 Ke6 31. Kf2 Kf5 32. Kf3 g4+ 33. Kf2 Ke4 34. Bh4 Kxd4 35. Bxf6+ 1-0

[Event "Foment Martinenc op-C 18th"]
[Site "Barcelona"]
[Date "2016.05.14"]
[Round "4"]
[White "Rodriguez Collado, Alex"]
[Black "Moya Paredes, Guillem"]
[Result "1-0"]
[WhiteElo "1773"]
[BlackElo "1674"]
[PlyCount "61"]
[EventDate "2016.04.23"]
[EventType "swiss"]
[EventRounds "9"]
[EventCountry "ESP"]
[SourceTitle "EXT 2017"]
[Source "ChessBase"]
[SourceDate "2016.10.25"]
[SourceVersion "1"]
[SourceVersionDate "2016.10.25"]
[SourceQuality "1"]

1. e4 e5 2. Nf3 Nc6 3. Bb5 Nf6 4. d3 Bb4+ 5. c3 Ba5 6. 0-0 d6 7. Nbd2 Bg4 8. Re1 0-0 9. Nf1 Qc8 10. Ng3 a6 11. Ba4 Qe8 12. Bg5 Qe6 13. Bb3 b5 14. Bxe6 fxe6 15. Bxf6 Rxf6 16. Re3 Bb6 17. Re1 Ba5 18. h3 Bxf3 19. gxf3 Rg6 20. Kh2 Rh6 21. Rg1 Nb8 22. Qc1 g5 23. Ne2 Rg6 24. Rxg5 c5 25. Rxg6+ hxg6 26. Qg5 Kg7 27. Rg1 Nc6 28. Qxg6+ Kf8 29. Qg8+ Ke7 30. Rg7+ Kf6 31. Qf7# 1-0

[Event "Foment Martinenc op-C 17th"]
[Site "Barcelona"]
[Date "2015.05.23"]
[Round "5"]
[White "Amirkhyan, Ruben"]
[Black "Rodriguez Collado, Alex"]
[Result "0-1"]
[WhiteElo "1769"]
[BlackElo "1712"]
[PlyCount "74"]
[EventDate "2015.04.25"]
[EventType "swiss"]
[EventRounds "9"]
[EventCountry "ESP"]
[SourceTitle "EXT 2017"]
[Source "ChessBase"]
[SourceDate "2016.10.25"]
[SourceVersion "1"]
[SourceVersionDate "2016.10.25"]
[SourceQuality "1"]

1. e4 e5 2. Nf3 Nc6 3. Bc4 Bc5 4. Nc3 Nf6 5. d3 h6 6. 0-0 0-0 7. Be3 Bb6 8. Nd5 Ba5 9. Nxf6+ Qxf6 10. c3 d6 11. d4 Bg4 12. Be2 Bb6 13. d5 Ne7 14. h3 Bh5 15. Bxb6 axb6 16. Nh2 Bxe2 17. Qxe2 Ng6 18. Ng4 Qg5 19. Qf3 h5 20. Ne3 Nf4 21. Rad1 Rxa2 22. b4 Ne2+ 23. Kh1 Nxc3 24. Nf5 Nxd1 25. Rxd1 g6 26. Ne3 Qf4 27. Qxf4 exf4 28. Nc4 Rxf2 29. Kg1 Rc2 30. Na3 Rb2 31. Rd4 Ra8 32. Nb5 Raa2 33. Rd1 Rxg2+ 34. Kf1 f3 35. Nc3 Rac2 36. Nb1 Rh2 37. Na3 Rh1# 0-1

[Event "Foment Martinenc op-C 16th"]
[Site "Barcelona"]
[Date "2014.05.17"]
[Round "4"]
[White "Aunes Cabanero, Jose"]
[Black "Rodriguez Collado, Alex"]
[Result "1-0"]
[WhiteElo "1700"]
[BlackElo "1785"]
[PlyCount "135"]
[EventDate "2014.04.26"]
[EventType "swiss"]
[EventRounds "9"]
[EventCountry "ESP"]
[SourceTitle "EXT 2015"]
[Source "ChessBase"]
[SourceDate "2014.11.20"]
[SourceVersion "1"]
[SourceVersionDate "2014.11.20"]
[SourceQuality "1"]

1. e4 e5 2. Nf3 Nc6 3. d4 exd4 4. Bc4 Bb4+ 5. c3 dxc3 6. bxc3 Be7 7. Qb3 d5 8. Bxd5 Be6 9. Bxc6+ bxc6 10. Qa4 Bd7 11. 0-0 c5 12. Qc2 Nf6 13. Rd1 0-0 14. Ne5 Bd6 15. Nxd7 Qxd7 16. e5 Rad8 17. exd6 cxd6 18. Bg5 Qg4 19. Be3 Ne4 20. h3 Qg6 21. Nd2 Nf6 22. Qxg6 fxg6 23. Bg5 h6 24. Bh4 g5 25. Bg3 g4 26. h4 Nh5 27. Nc4 Nxg3 28. fxg3 d5 29. Ne3 d4 30. cxd4 cxd4 31. Nxg4 d3 32. Nf2 d2 33. Ne4 Rd4 34. Nxd2 Rfd8 35. Kf2 Rxd2+ 36. Ke1 R2d5 37. Rxd5 Rxd5 38. Rb1 Re5+ 39. Kf2 Rf5+ 40. Ke3 Re5+ 41. Kf3 Rf5+ 42. Kg4 Rf2 43. a4 Rxg2 44. Rb8+ Kh7 45. Rb7 Rc2 46. Rxa7 Rc4+ 47. Kh3 Kg6 48. a5 Ra4 49. Ra6+ Kf5 50. Ra8 g5 51. Rf8+ Ke5 52. Ra8 g4+ 53. Kg2 Ra2+ 54. Kf1 Ra1+ 55. Ke2 Ra2+ 56. Kd1 Kd4 57. a6 Ra1+ 58. Kc2 Kc4 59. Rc8+ Kd5 60. Kb2 Rxa6 61. Rf8 Kc5 62. Rf5+ Kd4 63. Rf4+ Ke5 64. Rxg4 Rb6+ 65. Kc3 Rc6+ 66. Kd2 Rd6+ 67. Ke3 h5 68. Rg5+ 1-0

[Event "Foment Martinenc op-B 15th"]
[Site "Barcelona"]
[Date "2013.05.18"]
[Round "5"]
[White "Antequera Garcia, Luis"]
[Black "Rodriguez Collado, Alex"]
[Result "1-0"]
[WhiteElo "1310"]
[BlackElo "1700"]
[PlyCount "71"]
[EventDate "2013.04.20"]
[EventType "swiss"]
[EventRounds "9"]
[EventCountry "ESP"]
[SourceTitle "CBM 154 Extra"]
[Source "ChessBase"]
[SourceDate "2013.06.25"]
[SourceVersion "2"]
[SourceVersionDate "2013.06.25"]
[SourceQuality "1"]

1. e4 e5 2. Nf3 Nc6 3. Bb5 Nf6 4. Nc3 Bc5 5. Bxc6 bxc6 6. d4 exd4 7. Nxd4 Bxd4 8. Qxd4 Ba6 9. Bg5 0-0 10. e5 Re8 11. 0-0-0 Re6 12. exf6 Rd6 13. Qg4 Rxd1+ 14. Rxd1 gxf6 15. Bxf6+ Kf8 16. Bxd8 Rxd8 17. Rxd7 Rxd7 18. Qxd7 Bf1 19. g3 Bg2 20. Qxc7 a6 21. Ne2 Bf3 22. Nf4 Kg7 23. Qe5+ Kf8 24. Qf5 h5 25. Ne6+ Ke7 26. Qxf3 fxe6 27. Qxh5 Kf6 28. Qc5 Kf7 29. Qxc6 a5 30. c4 Ke7 31. Kd2 Kd8 32. Qxe6 Kc7 33. Kc3 Kb7 34. Kd4 Kc7 35. Kc5 Kd8 36. Kd6 1-0